Представление документа в формате RUSMARC

Поле Инд. ПП Название Значение
Тип записи a
Библиографический уровень a
001 Контрольный номер bdaf0bf0628a471f8540edf30d3bf305
005 Дата корректировки 20190527103304.2
100 a Данные общей обработки 20190527 ||| 0rusy0189 ca
101 0_ a Язык текста rus
102 a Страна публикации RU
200 1_ f Первые сведения об ответственности Л.Ю. Василевская
a Заглавие Цифровые права как новый объект гражданских прав: проблемы юридической квалификации
b Общее обозначение материала Текст
210 1_ d Дата издания 2019
461 _0 1 2000
a Хозяйство и право
463 _0 1 2000
a № 5
v С. 3-14
1 2101
d 2019
1 0014f64631be3594cbf952e48358db24cdf
606 a Основная рубрика Гражданское и торговое право
610 0_ a Ключевые слова ИНФОРМАЦИОННО-КОММУНИКАЦИОННЫЕ ТЕХНОЛОГИИ
a Ключевые слова КРИПТОВАЛЮТА
700 _1 a Фамилия Василевская
b Имя Л.Ю.
801 _0 a Страна RU
b Организация РГУП
c Дата составления 20190527
g Правила каталогизации PSBO
801 _1 a Страна RU
b Организация РГУП
c Дата составления 20190527
g Правила каталогизации PSBO
901 t Тип документа b
w Контрольный № источника 4f64631be3594cbf952e48358db24cdf
905 a Дата ввода 20190527